| 000 | 00982nam a2200313 i 4500 | ||
|---|---|---|---|
| 003 | EG-GICUC | ||
| 005 | 20260121101409.0 | ||
| 008 | 251201b1976 -usad||fr|||| 001 0 eng d | ||
| 020 | _a19502043 | ||
| 040 |
_aEG-GiCUC _beng _cEG-GiCUC _dEG-GiCUC _erda |
||
| 041 | 0 | _aeng | |
| 082 | 0 | 4 |
_221 _a338.9 _bME . L |
| 092 | 0 | 4 | _221 |
| 099 | _aLaw1 13 338.9 ME . L 3 ed - 1976 | ||
| 100 | 1 |
_aMeier , Gerald M _eAuthor. |
|
| 245 | 1 | 0 |
_aLeading Issues In Economic Development / _cGerald M. Meier. |
| 250 | _aThird Edition. | ||
| 264 | 1 |
_aNew York : _bOxford University Press, _c1976. |
|
| 300 |
_a862 pages : _billustrations, _c24 cm. |
||
| 336 |
_2rda content _atext |
||
| 337 |
_2rda media _aComputer |
||
| 338 |
_2rda carrier _aOnline Resource |
||
| 500 | _aIncludes index. | ||
| 546 | _aText in English | ||
| 650 | 1 | 4 | _aPublic finance and tax legislation |
| 856 | 4 | 0 | _uhttps://fll.law.cu.edu.eg/fulltext/bks/B13-07495.pdf |
| 905 |
_a48 _eHassnaa |
||
| 942 |
_2ddc _cBK _e21 _n0 |
||
| 999 |
_c47535 _d47535 |
||